| 000 | 01101nam a2200241Ia 4500 | ||
|---|---|---|---|
| 999 |
_c34687 _d34687 |
||
| 001 | 472 | ||
| 003 | GE_BSU | ||
| 005 | 20220516123016.0 | ||
| 008 | 181216s2001||||ge |||||||||||||| ||geo|| | ||
| 020 | _a9992833386 | ||
| 040 | _cGE_BSU | ||
| 041 | _ageo | ||
| 080 | _a800.801 ს-34 | ||
| 100 |
_aსაყვარელიძე, ნელი _913736 |
||
| 245 |
_aთარგმანის თეორიის საკითხები : _b(ლინგვისტური და ექსტრალინგვისტური ასპექტები) / _cნელი საყვარელიძე; [რედ.: რ. ენუქიძე]. |
||
| 264 |
_aთბილისი : _bთბილისის უნივერსიტეტის გამომცემლობა, _c2001. |
||
| 300 |
_a312 გვ.; _b20სმ. |
||
| 504 | _aბიბლიოგრ.: გვ. 298-309. | ||
| 541 | _h10 ლ. | ||
| 653 | _aთარგმანის თეორია | ||
| 700 |
_aენუქიძე, რ. _eრედაქტორი _911867 |
||
| 942 |
_cBK _2udc |
||